Caricamento...
Teaching history- developing as a reflective secondary teacher/
| Autore principale: | |
|---|---|
| Natura: | Printed Book |
| Pubblicazione: |
Los Angeles:
Sage,
2010.
|
| Soggetti: |
| LEADER | 00417 a2200121 4500 | ||
|---|---|---|---|
| 020 | |a 9788132105275 | ||
| 100 | |a Phillips,Ian. | ||
| 245 | |a Teaching history- developing as a reflective secondary teacher/ | ||
| 260 | |a Los Angeles: |b Sage, |c 2010. | ||
| 300 | |3 268p. | ||
| 650 | |a History Teaching | ||
| 999 | |c 185231 |d 185231 | ||
| 952 | |0 0 |1 0 |2 ddc |4 0 |7 0 |9 204524 |a EDU |b EDU |c ST1 |d 2012-02-27 |g 0.00 |i 6596 |l 0 |p EDU6596 |r 2018-08-29 |t 1 |w 2018-08-29 |y BK | ||